| 000 | nam a22 7a 4500 | ||
|---|---|---|---|
| 999 |
_c150269 _d150267 |
||
| 005 | 20190809154121.0 | ||
| 008 | 190809b sp ||||| |||| 00| 0 spa d | ||
| 020 | _a8488910282 | ||
| 050 | 0 | 4 |
_aKKT2400 _bF47 2001 |
| 100 | 1 |
_aFernández de Casadevante Romani, Carlos, _eautor |
|
| 245 | 1 | 3 |
_aLa acción exterior de las comunidades autónomas: balance de una práctica consolidada / _c/ Carlos Fernández de Casadevante Romani. |
| 250 | _a1a ed. | ||
| 260 |
_aMadrid : _bUniversidad Rey Juan carlos : _bDilex, _c2001 |
||
| 300 | _a797 p. ; | ||
| 650 | 4 |
_aComunidades autónomas _zEspaña _xCompetencia en relaciones internacionales |
|
| 650 | 7 |
_2lemb _aDerecho internacional |
|
| 942 |
_2lcc _cLIB |
||